| 000 | 01237nam a22002895i 4500 | ||
|---|---|---|---|
| 001 | 183335 | ||
| 003 | ES-MaACL | ||
| 005 | 20250603170601.0 | ||
| 008 | 140324m19921993sp | |||| ||spa d | ||
| 020 | _a84-226-4313-8 | ||
| 080 | _a008(460)"19" | ||
| 080 | _a316.343.652(460)"19" | ||
| 245 | 0 | 3 |
_aEl legado cultural de España al siglo XXI / _c[edición al cuidado de Ignacio Echevarría]. |
| 260 |
_aBarcelona : _bCírculo de Lectores, _cD.L. 1992-1993. |
||
| 300 |
_a3 v. ; _c25 cm. |
||
| 505 | 8 | _a1. Pensamiento, historia y ciencia 2. La literatura: clásicos contemporáneos 3. Las artes | |
| 650 | 4 |
_aIntelectuales- _zEspaña- _yS.XX. _913853 |
|
| 651 | 4 |
_aEspaña- _xVida intelectual- _yS.XX _98529 |
|
| 700 | 1 |
_aEchevarría, Ignacio, _d1960- _946542 |
|
| 710 | 2 |
_aColegio Libre de Eméritos. _92922 |
|
| 852 |
_aES-MaACL _jN-6071 _pv.1 _9190274 _bR.149934 _cDEPO1 _dOlim: N-6071 _hDonación: Amadeo Aláez |
||
| 852 |
_aES-MaACL _jN-6072 _pv.2 _9200758 _bR.149934 _cDEPO1 _dOlim: N-6072 _hDonación: Amadeo Aláez |
||
| 852 |
_aES-MaACL _jN-6073 _pv.3 _9200759 _bR.149934 _cDEPO1 _dOlim: N-6073 _hDonación: Amadeo Aláez |
||
| 903 |
_aAláez Rojo, Amadeo _ednr _919076 |
||
| 942 |
_2udc _cMONOGRAFIA |
||
| 999 |
_c183335 _d183335 |
||